Juventud, cultura y educación: perspectivas comparadas en España y Chile
Guardat en:
| Autor principal: | |
|---|---|
| Format: | Llibre |
| Idioma: | espanyol |
| Publicat: |
Madrid
Biblioteca Nueva
2013
|
| Col·lecció: | Biblioteca de la Nueva Educación, 24
|
| Matèries: | |
| Etiquetes: |
Afegir etiqueta
Sense etiquetes, Sigues el primer a etiquetar aquest registre!
|
MARC
| LEADER | 00000cam a2200000 a 4500 | ||
|---|---|---|---|
| 001 | UCF9416 | ||
| 003 | CL-VaPUC | ||
| 008 | 131115e20130000sp |||||||||||||||||spa|d | ||
| 020 | |a 9788499407081 | ||
| 082 | 0 | 4 | |a 373.07 |b TEZ |2 21 |
| 100 | 0 | |a Tezanos, José Félix |e author |9 571708 | |
| 245 | 1 | 0 | |a Juventud, cultura y educación: perspectivas comparadas en España y Chile |
| 300 | |a 347 p | ||
| 942 | |c BK | ||
| 945 | |d 20131115 14:49:00 |a dcastane | ||
| 260 | |a Madrid |b Biblioteca Nueva |c 2013 | ||
| 650 | 0 | |a Investigación educacional |9 261192 | |
| 650 | 0 | |a Juventud |9 271073 | |
| 650 | 0 | |a Cultura |9 269059 | |
| 651 | 0 | |a España |9 254926 | |
| 651 | 7 | |a CHILE |2 CL-VaPUC |9 571709 | |
| 583 | |a last modification |c 20131115 14:49:00 |k Rodrigo Vera | ||
| 490 | 0 | |a Biblioteca de la Nueva Educación, 24 | |
| 999 | |c 353862 |d 353860 | ||
| 952 | |0 0 |1 0 |3 erb |4 0 |6 373_070000000000000_TEZ_2013 |7 0 |8 A |9 459289 |a BIBEDU |b BIBEDU |i 5027160 |o 373.07 TEZ 2013 |p 5027160 |r 2019-11-23 |w 2019-11-23 |y BK |z Catalogado en:20131115 |k EDU | ||
| 952 | |0 0 |1 0 |3 erb |4 0 |6 373_070000000000000_TEZ_2013 |7 0 |8 A |9 459290 |a BIBEDU |b BIBEDU |i 5282071 |l 1 |o 373.07 TEZ 2013 |p 5282071 |r 2022-05-31 |s 2022-04-29 |w 2019-11-23 |y BK |z Catalogado en:20160414 |k EDU | ||
| 952 | |0 0 |1 0 |3 erb |4 0 |6 373_070000000000000_TEZ_2013 |7 0 |8 A |9 459291 |a BIBTEO |b BIBTEO |i 5410509 |o 373.07 TEZ 2013 |p 5410509 |r 2025-01-17 |w 2019-11-23 |y BK |z Catalogado en:20170721 |k ICR | ||